| 000 | 00813nam a2200229 i 4500 | ||
|---|---|---|---|
| 001 | 184308 | ||
| 003 | ES-MaACL | ||
| 005 | 20231119131720.0 | ||
| 008 | 150615s2013 sp |||| | spa d | ||
| 020 | _a978-84-9949-404-3 | ||
| 080 | _a821.134.2-14"19" | ||
| 100 | 1 |
_aFenoy, Francisco ( _d1941-) _9166476 |
|
| 245 | 1 | 0 |
_aDel otro lado del espejo / _cFrancisco Fenoy ; [prólogo, José León Cano]. |
| 260 |
_aMadrid : _bLiber Factory, _cD.L. 2013. |
||
| 300 |
_a77 p. ; _c21 cm. |
||
| 700 | 1 |
_aLeón Cano, José. _9157045 |
|
| 852 |
_aES-MaACL _jA-13547 _9191304 _bR.150379 _cDEPO1 _dOlim: N-6547 _gDedicatoria autógrafa del autor _hDonativo: Francisco Fenoy |
||
| 903 |
_9166476 _aFenoy, Francisco ( _d1941-) _ednr |
||
| 942 |
_2udc _cMONOGRAFIA |
||
| 999 |
_c184308 _d184308 |
||